000 00182 a2200097 4500
001 25942
100 _aASM
245 _aSolidification
260 _a
_bASM
_c
090 _c17545
_d17545
942 _aNUST-CAE
_cM
_c8386
999 _c261015
_d261015